| Tag |
First Indicator |
Second Indicator |
Subfields |
| LEADER |
00000cam a22000008a 4500 |
| 001 |
in00000074716 |
| 005 |
20151008054745.0 |
| 008 |
810623s1981 mdu b 00100 eng |
| 010 |
|
|
|a 81011576
|
| 020 |
|
|
|a 0839116888
|
| 035 |
|
|
|a (OCoLC)07596193
|
| 035 |
|
|
|9 AAJ1587AM
|
| 039 |
0 |
|
|a 2
|b 3
|c 3
|d 3
|e 3
|
| 040 |
|
|
|a DLC
|c DLC
|d TXA
|d UtOrBLW
|
| 043 |
|
|
|a n-us---
|
| 049 |
|
|
|a TXAM
|c [1672480]
|
| 050 |
0 |
0 |
|a HV1553
|b .R44
|
| 082 |
0 |
|
|a 362/.0425
|2 19
|
| 245 |
0 |
0 |
|a Rehabilitation administration and supervision /
|c edited by William A. Emener, Richard S. Luck, Stanley J. Smits.
|
| 263 |
|
|
|a 8110
|
| 264 |
|
1 |
|a Baltimore :
|b University Park Press,
|c [1981]
|
| 264 |
|
4 |
|c ©1981
|
| 300 |
|
|
|a xvi, 386 pages ;
|c 23 cm.
|
| 336 |
|
|
|a text
|b txt
|2 rdacontent
|
| 337 |
|
|
|a unmediated
|b n
|2 rdamedia
|
| 338 |
|
|
|a volume
|b nc
|2 rdacarrier
|
| 504 |
|
|
|a Includes bibliographies and indexes.
|
| 650 |
|
0 |
|a Rehabilitation
|z United States
|x Administration.
|
| 700 |
1 |
|
|a Emener, William G.
|q (William George)
|
| 700 |
1 |
|
|a Luck, Richard S.
|
| 700 |
1 |
|
|a Smits, Stanley J.
|
| 999 |
|
|
|a MARS
|
| 999 |
f |
f |
|s df93be57-873d-3726-927c-6b22d791a429
|i a9a87432-6f56-3af8-ab2f-1ac840814aa1
|t 0
|
| 952 |
f |
f |
|p normal
|a Texas A&M University
|b College Station
|c Sterling C. Evans Library
|d Evans: Library Stacks
|t 0
|e HV1553 .R44
|h Library of Congress classification
|i unmediated -- volume
|m A14806146047
|
| 998 |
f |
f |
|a HV1553 .R44
|t 0
|l Evans: Library Stacks
|